000 02237nam a2200397 c 4500
003 BLK
005 20230407030345.0
008 180412b bul|||||r ||||||| ||bul||
010 _aKNG00013004000
020 _a954-18-0080-7
_bиздат.: Булвест 2000
040 _aBLK
041 _aBUL
_cBUL
080 _aБългарска литература в основното училище. Методика на обучението
_b373.3.016:821.163.2
_x(075.2)
_z373.3.016:821.163.2(075.2)
080 _aТеория на литературата. Литературна техника
_b82.01/.09
_x8(075.2)
_z82.01/.098(075.2)
100 1 _aБобанац, Веселина Ангелова
_eпърви автор
_9363848
700 1 _aБлажева, Елена
_eсъавт.
_gМаринова, Елена Блажева
_9243224
700 1 _aАрнаутска, Тинка Иванова
_eсъавт.
_933633
700 1 _aМаринова, Елена Блажева
_9363621
139 _aБобанац, Веселина Ангелова
_bБ 52
245 1 0 _aПреразказваме ли добре
_bПомагало с текстове и насоки за самоподготовка по лит. - V-VIII кл.
_cВеселина Ангелова Бобанац; съавт. Елена Блажева; съавт. Тинка Иванова Арнаутска; Елена Блажева Маринова.
250 _a2. осн. прераб. и доп. изд
257 _aBGR
260 София
_bБулвест 2000
_c1996
_fПловдив : Полиграфия
300 _a192 с.
_bс табл.
_c20 см
380 _a3
500 _aПълното име на втората авт. е Елена Блажева Маринова. - 1. изд. 1992 ; 5 000 тир.
650 4 _aБългарска литература - учебни помагала
_9242720
650 4 _aСъчинения по литература - методика - учебни помагала
_9243596
653 _aучебни помагала
653 _aсъчинение
852 _aЦб 192424
856 4 _qpdf
_u
856 4 _qpdf
_u
942 _cKNG
_n0
_01
944 _aCR
_c15.01.2003
_kНаталия_Медовщикова
944 _aED
_c09.10.2012
_k
999 _c11462
_d11462